Catholicity challenging ethnicity (Record no. 127506)
[ view plain ]
| 000 -LEADER | |
|---|---|
| fixed length control field | 01814cam a22004217i 4500 |
| 001 - CONTROL NUMBER | |
| control field | 19222637 |
| 003 - CONTROL NUMBER IDENTIFIER | |
| control field | ARRUPE |
| 005 - DATE AND TIME OF LATEST TRANSACTION | |
| control field | 20180125142932.0 |
| 008 - FIXED-LENGTH DATA ELEMENTS--GENERAL INFORMATION | |
| fixed length control field | 160809t20162016gw bm 000 0 eng d |
| 010 ## - LIBRARY OF CONGRESS CONTROL NUMBER | |
| LC control number | 2015431802 |
| 020 ## - INTERNATIONAL STANDARD BOOK NUMBER | |
| International Standard Book Number | 9783631660553 (pbk.) |
| 020 ## - INTERNATIONAL STANDARD BOOK NUMBER | |
| International Standard Book Number | 3631660553 (pbk.) |
| 020 ## - INTERNATIONAL STANDARD BOOK NUMBER | |
| Cancelled/invalid ISBN | 9783653053876 (online) |
| 024 3# - OTHER STANDARD IDENTIFIER | |
| Standard number or code | 9783631660553 |
| 035 ## - SYSTEM CONTROL NUMBER | |
| System control number | (OCoLC)ocn949848680 |
| 040 ## - CATALOGING SOURCE | |
| Original cataloging agency | OHX |
| Language of cataloging | eng |
| Transcribing agency | OHX |
| Description conventions | rda |
| Modifying agency | OCLCO |
| -- | BTCTA |
| -- | TEF |
| -- | OCLCO |
| -- | OCLCF |
| -- | EMT |
| -- | DLC |
| 042 ## - AUTHENTICATION CODE | |
| Authentication code | lccopycat |
| 050 00 - LIBRARY OF CONGRESS CALL NUMBER | |
| Classification number | BR1450 |
| Item number | .B496 2016 |
| 082 00 - DEWEY DECIMAL CLASSIFICATION NUMBER | |
| Classification number | 262.00968 |
| Edition number | 23 |
| 300 ## - PHYSICAL DESCRIPTION | |
| Dimensions | 21 cm |
| 100 1# - MAIN ENTRY--PERSONAL NAME | |
| Personal name | Berggren, Erik, |
| Dates associated with a name | 1964- |
| Relator term | author. |
| 9 (RLIN) | 38892 |
| 245 10 - TITLE STATEMENT | |
| Title | Catholicity challenging ethnicity |
| Remainder of title | an ecclesiological study of congregations and churches in post-apartheid South Africa / |
| Statement of responsibility, etc | Erik Berggren. |
| 260 ## - PUBLICATION, DISTRIBUTION, ETC. (IMPRINT) | |
| Place of publication, distribution, etc | Frankfurt |
| Name of publisher, distributor, etc | Peter Lang |
| Date of publication, distribution, etc | 2016 |
| 300 ## - PHYSICAL DESCRIPTION | |
| Extent | 448 pages ; |
| 440 ## - SERIES STATEMENT/ADDED ENTRY--TITLE | |
| Title | European university studies. Series Theology, |
| Number of part/section of a work | 954 |
| 9 (RLIN) | 38893 |
| 504 ## - BIBLIOGRAPHY, ETC. NOTE | |
| Bibliography, etc | Includes bibliographical references (pages 415-445). |
| 650 #0 - SUBJECT ADDED ENTRY--TOPICAL TERM | |
| Topical term or geographic name as entry element | Church and race relations |
| Geographic subdivision | South Africa. |
| 9 (RLIN) | 38894 |
| 776 0# - ADDITIONAL PHYSICAL FORM ENTRY | |
| Record control number | (GyWOH)har165010192 |
| 830 #0 - SERIES ADDED ENTRY--UNIFORM TITLE | |
| Uniform title | Europäische Hochschulschriften. |
| Number of part/section of a work | Reihe XXIII, |
| Name of part/section of a work | Theologie ; |
| Volume number/sequential designation | Bd. 954. |
| 9 (RLIN) | 38895 |
| 906 ## - LOCAL DATA ELEMENT F, LDF (RLIN) | |
| a | 7 |
| b | cbc |
| c | copycat |
| d | 2 |
| e | ncip |
| f | 20 |
| g | y-gencatlg |
| 942 ## - ADDED ENTRY ELEMENTS (KOHA) | |
| Source of classification or shelving scheme | Library of Congress Classification |
| Koha item type | Monograph ( Printed materials) |
| Withdrawn status | Lost status | Source of classification or shelving scheme | Damaged status | Not for loan | Collection code | Home library | Current library | Shelving location | Date acquired | Total Checkouts | Full call number | Barcode | Date last seen | Price effective from | Koha item type |
|---|---|---|---|---|---|---|---|---|---|---|---|---|---|---|---|
| Library of Congress Classification | Main Collection | ARRUPE LIBRARY | ARRUPE LIBRARY | Main Collection | 25/01/2018 | BR1450 .B496 2016 | 46600000788 | 25/01/2018 | 25/01/2018 | Monograph ( Printed materials) |